F1 2025 Tracks - Sudden Death - Statistiken

Allgemein
  • Dieses Quiz wurde 885 mal gespielt
  • Das Durchschnittsergebnis liegt bei 10 aus 14
Answers on the Grid
Answers color-coded by a green-red scale on the quiz's grid according to % correct below.
Albert Park
Las Vegas
Istanbul Park
Silverstone
Paul Ricard
Watkins Glen
Fuji Speedway
Kyalami
Sakhir
Zandvoort
Zolder
Imola
Phoenix
Magny-Cours
Hockenheim
Red Bull Ring
Lusail
Interlagos
Nürburgring
Suzuka
Indianapolis
Sepang
Miami
Abu Dhabi
Buenos Aires
Mexico City
Buddh
Spa
 
Antwortstatistiken
Antwort % Korrekt
Las Vegas
91%
Silverstone
88%
Abu Dhabi
77%
Imola
75%
Red Bull Ring
75%
Spa
74%
Zandvoort
73%
Miami
72%
Albert Park
71%
Suzuka
71%
Mexico City
68%
Interlagos
58%
Sakhir
57%
Lusail
39%
Keine übereinstimmenden Quizze gefunden
Verteilung der Resultate
Anzahl Personen mit jedem Resultat
Perzentil nach korrekt beantworteten Fragen
Ihre Resultats-Entwicklung
Sie haben dieses Quiz noch nicht gespielt